| 000 | 00785nam a22002057a 4500 | ||
|---|---|---|---|
| 005 | 20260212112509.0 | ||
| 010 | _aHIN-131020 | ||
| 020 |
_a9789354270802 _c208.00 |
||
| 035 | _aHN-103366 | ||
| 037 | _bDBAD | ||
| 082 | _a158.4 | ||
| 100 |
_aकृष्ण कुमार _987316 |
||
| 245 |
_aज़रा सोचिए : _bसिर्फ अपनी सोच बदल कर आगे जा सकते हैं/ _cकृष्ण कुमार |
||
| 250 | _a1 | ||
| 260 |
_bब्लूरोज़ पब्लिशर्स _c2020 |
||
| 270 |
_k8882898898 _minfo@bluerosepublishers.com |
||
| 300 |
_ax,172पृ. _c22सेमी (अजिल्द) _bसचित्र |
||
| 942 |
_2ddc _cHN _h158.4 _mकृष्णकु |
||
| 999 |
_c214725 _d214725 |
||